000 00349nam a2200145Ia 4500
008 230312s9999||||xx |||||||||||||| ||und||
082 _a572
_bMUR-H
100 _aMurray Robert K.
245 0 _aHarper's Illustrated Biochemistry
260 _bLange Medical Book
300 _a693
546 _aEng.
650 _aMedical
_vBiochemistry
942 _cBK
999 _c4186
_d4186